000 00287nam a22001217a 4500
008 230704b xxu||||| |||| 00| 0 eng d
020 _a1899505814
082 _a362.1
_bWIL 2002
245 _aThe AIDS Pandemic
260 _bStanborough Press Ltd
_c2002
300 _a87p
942 _2ddc
_cBK
999 _c3829
_d3829